000 01123nam a2200265 i 4500
001 60074
003 ES-MaACL
005 20250812062523.0
007 t|
008 031103s1960 sp 00110 spa d
080 _a004(042)
100 1 _aMarcel, Gabriel,
_d1889-1973
_9156691
245 1 3 _aLa condición del intelectual en el mundo contemporáneo /
_cGabriel Marcel.
260 _aMadrid :
_bAteneo :
_bEditora Nacional,
_c1960 (
_fGráf.Benzal)
300 _a24 cm ;
_c19 cm.
490 1 _aColección "O crece o muere" ;
_v144
505 0 _aEl hombre de pensamiento y el intelectual ; Características del intelectual ; Razones de la actitud del intelectual
594 _aEste trabajo fue dado a conocer por su autor en la Universidad Internacional de Santander, en el Curso de Problemas Contemporáneos, el día 17 de agosto de 1959.
650 0 0 _aIntelectuales-
_yS.XX.
_913858
710 2 _aAteneo de Madrid.
_91875
710 2 _aUniversidad Internacional de Verano de Santander.
_9172249
830 1 0 _aColección "O crece o muere"
_v144
_9183476
852 4 _aES-MaACL
_jJ-24(144)
999 _c60074
_d60074